000 00661cam a2200241 a 4500
001 000004571
003 DO-SdBNP
005 20231026102954.0
008 010517s2001 sp 000 f spa
020 _a8420442410
040 _aDO-SdBNP
_cDLC
_dDLC
082 4 _a843.9
_bP797p
_222
100 1 _aPoniatowska, Elena
_913346
245 1 3 _aLa piel del cielo /
_cElena Poniatowska.
260 _aMadrid :
_bAlfaguara,
_c2001.
300 _a439 p. ;
_c22 cm.
590 _aInventariado, 2023/MFF
650 4 _aNovela francesa
_91075
650 4 _aLiteratura francesa
_91074
910 _aValidado. Control de calidad MFF
910 _aWM
942 _2ddc
_cLBS1
999 _c4379
_d4379